Statistiques concernant Les Armes dans PUBG

Cliquez ici pour prendre le quiz!

Statistiques générales

  • Ce quiz a été pris 33 fois
  • Le résultat moyen est 22 sur 59

Statistiques - réponses

Réponse% Correct
M16A4
65%
SCAR-L
65%
AUG A3
60%
Famas
60%
Groza
60%
Poêle / Batée
60%
Vector
60%
KAR98K
55%
M416
55%
Pied-de-biche
55%
UMP45
55%
VSS
55%
AWM
50%
M24
50%
M249
50%
Mini14
50%
MK14
50%
AKM
45%
Arbalète
45%
DP-28
45%
Machette
45%
P90
45%
SKS
45%
Deagle
40%
Faucille
40%
G36C
40%
MG3
40%
Mortier
40%
QBZ95
40%
SLR
40%
DBS
35%
MP5K
35%
P92
35%
S12K
35%
Micro UZI
30%
Panzerfaust
30%
PP-19 Bizon
30%
QBU88
30%
ACE32
25%
Canon scié
25%
MK12
25%
MK47 Mutant
25%
Mosin Nagant
25%
Win94
25%
Beryl M762
20%
Dragunov
20%
R45
20%
S686
20%
Skorpion
20%
JS9
15%
Lynx AMR
15%
MP9
15%
P18C
15%
P1911
15%
R1895
15%
Tommy Gun
15%
K2
10%
O12
10%
S1897
10%

Distribution des résultats

Percentile par nombre de réponses

% des personnes avec chaque résultat

Votre développement - résultats

Vous n’avez pas pris ce quiz